[Event "2nd IMSA Basque 2017-Women"]
[Site "Huaian"]
[Date "2017.12.13"]
[Round "1"]
[White "Muzychuk, Anna"]
[Black "Paehtz, Elisabeth"]
[Result "1-0"]
[WhiteElo "2582"]
[BlackElo "2464"]
[Annotator "TA"]
[PlyCount "76"]
[EventDate "2017.??.??"]
[EventType "tourn"]
[EventCountry "CHN"]
[SourceTitle "playchess.com"]
[Source "ChessBase"]
[SourceQuality "1"]

{[%evp 28,76,37,37,70,39,58,42,54,41,50,54,70,63,65,37,39,30,47,27,46,43,48,43,133,134,145,141,143,135,378,350,329,242,245,225,214,150,308,301,289,295,289,283,377,317,483,470,470,470,981]} 1. e4 c5 2. Nf3 d6 3. Bb5+ Nd7 4. O-O Ngf6 5. Re1 a6 6. Bf1 b6 7. d4 cxd4 8. Nxd4 Bb7 9. c4 e6 10. Nc3 Be7 {B51: Sicilian: Moscow Variation (3 Bb5+) without 3...Bd7} 11. f3 O-O 12. Be3 Qc7 13. Rc1 Rac8 14. Qd2 Qb8 15. b3 {[%cal Bb2b3,Bb3b4][%mdl 32] [#] LiveBook: 4 Games} Bd8 $146 (15... Rfe8 16. Kh1 Bd8 17. Bg1 Bc7 18. Nc2 {1-0 (76) Areshchenko,A (2652)-Demchenko,A (2645) Tbilisi 2017}) 16. Kh1 Bc7 17. Bg1 Kh8 18. Bd3 Nc5 19. Bb1 Qa8 20. b4 Ncd7 21. f4 Bb8 22. Bd3 Kg8 23. a3 Rfd8 24. Nb3 $36 {[%mdl 2048] White is more active.} g6 25. Re2 d5 (25... Nh5 $14) 26. cxd5 $16 exd5 27. e5 Ne4 28. Nxe4 Rxc1 $2 {[#]} (28... dxe4 $16 {was called for.} 29. Rxc8 Rxc8) 29. Nf6+ $18 ({Weaker is} 29. Nxc1 dxe4 30. Bc2 Ba7 $14) 29... Nxf6 30. Qxc1 Ne4 31. Bxb6 Rc8 32. Rc2 Re8 $2 (32... Rxc2 $16 {is a better defense.} 33. Bxc2 (33. Qxc2 Ba7 $16) 33... Ba7 34. Bxa7 Qxa7 35. Bxe4 dxe4) 33. Bd4 Ba7 34. Nc5 Bxc5 35. bxc5 Bc6 {[#]} 36. f5 $1 {[%cal Bf4f5,Bf5f6][%mdl 544]} Qd8 (36... Rb8 {was necessary.} 37. e6 fxe6) (36... gxf5 37. Bxe4) 37. f6 Re6 38. Rb2 Bb5 {Precision: White = 64%, Black = 19%.} (38... Qf8 $142 39. Bxa6 h5) 1-0

[Event "2nd IMSA Basque 2017-Women"]
[Site "Huaian"]
[Date "2017.12.13"]
[Round "1"]
[White "Ju, Wenjun"]
[Black "Tan, Zhongyi"]
[Result "*"]
[WhiteElo "2567"]
[BlackElo "2517"]
[Annotator "TA"]
[PlyCount "51"]
[EventDate "2017.??.??"]
[EventType "tourn"]
[EventCountry "CHN"]
[SourceTitle "playchess.com"]
[Source "ChessBase"]
[SourceQuality "1"]

{[%evp 16,51,26,28,19,19,22,22,25,12,44,13,22,25,19,0,8,-19,0,0,0,0,10,29,156,159,156,166,151,147,154,160,147,141,305,302,271,268]} 1. d4 Nf6 2. c4 e6 3. Nf3 b6 4. g3 Bb7 5. Bg2 Bb4+ 6. Bd2 Bxd2+ 7. Nbxd2 O-O 8. O-O d6 9. Qc2 c5 {E16: Queen's Indian: 4 g3 Bb7 5 Bg2 Bb4+} 10. e4 {Hoping for e5.} (10. Rfd1 Qe7 11. Nf1 cxd4 12. Nxd4 Bxg2 13. Kxg2 Rc8 14. Ne3 {½-½ (30) Socko,B (2624)-Fedorchuk,S (2647) Grosseto Prugna 2015}) 10... cxd4 11. Nxd4 Nbd7 {The position is equal.} 12. Rad1 Qe7 13. Rfe1 a6 $146 ({Predecessor:} 13... Rfc8 14. Nf1 Qf8 15. Qe2 {0-1 (43) Hammoudeh,F (1986)-Woldseth,O (1749) Norway 2001}) 14. f4 {Black must now prevent e5.} Rfc8 15. b3 {Threatens to win with e5.} b5 16. Qb1 bxc4 17. Nxc4 {Strongly threatening e5.} Rab8 $1 18. Qa1 d5 (18... Ba8 {with more complications.} 19. Rd2 Nxe4 20. Bxe4 Bxe4 21. Rxe4 d5) 19. exd5 Bxd5 (19... Nxd5 $11 20. Rc1 g6) 20. Bxd5 $16 Nxd5 {[#]} 21. Nxe6 $1 fxe6 {[#]} 22. Rxd5 $1 {[%mdl 512]} Nb6 (22... exd5 23. Rxe7) 23. Nxb6 Rxb6 24. Qd4 Qb4 $2 {[#]} (24... Rbc6 $16 25. Rd7 Qf8) 25. Qxb4 $1 $18 Rxb4 26. Rxe6 {Precision: White = 53%, Black = 49%.} *

[Event "2nd IMSA Basque 2017-Women"]
[Site "Huaian"]
[Date "2017.12.13"]
[Round "1"]
[White "Kosteniuk, Alexandra"]
[Black "Harika, Dronavalli"]
[Result "0-1"]
[WhiteElo "2557"]
[BlackElo "2504"]
[Annotator "TA"]
[PlyCount "55"]
[EventDate "2017.??.??"]
[EventType "tourn"]
[EventCountry "CHN"]
[SourceTitle "playchess.com"]
[Source "ChessBase"]
[SourceQuality "1"]

{[%evp 20,55,7,0,7,-36,0,-13,-11,-23,-20,-67,-41,-85,-89,-112,-116,-154,-131,-164,-179,-177,-184,-239,-231,-346,-350,-341,-318,-334,-331,-450,-265,-273,-272,-706,-702,-670]} 1. e4 e6 2. d4 d5 3. Nc3 Bb4 4. e5 c5 5. a3 Bxc3+ 6. bxc3 Qc7 7. Nf3 b6 8. Bb5+ Bd7 9. Bd3 c4 10. Be2 {C18: French: 3 Nc3 Bb4: Main line: 7 h4 and 7 Qg4} Ba4 11. O-O {LiveBook: 17 Games} h6 12. Nh4 {The position is equal.} Nc6 $146 ({Predecessor:} 12... g5 13. Nf3 Nc6 14. h4 f6 15. Nh2 Qh7 16. Ra2 O-O-O 17. f4 gxf4 18. Bg4 fxe5 19. Bxe6+ {1-0 (40) Moreno Carnero,J (2506)-Bricard,E (2461) France 2000}) 13. f4 {[%cal Bf2f4,Bf4f5][%mdl 32] aiming for f5.} g6 {[%cal Bg7g6,Bg6g5][%mdl 32]} 14. g4 O-O-O 15. f5 g5 $1 16. Ng2 {[#]} f6 $1 17. fxe6 fxe5 18. Ne3 {[#]} Qd6 $1 19. dxe5 Qxe6 20. Bf3 {[%cal Rf3d5]} Nge7 ({But not} 20... Qxe5 21. Bg2 $17) 21. Re1 (21. Bg2 $142) 21... Nxe5 $19 22. Bd2 (22. Bg2 {was necessary.}) 22... Rhf8 23. Bg2 {[#]} Nd3 $1 {[%mdl 512]} 24. Rf1 (24. cxd3 Bxd1) 24... Nf4 25. Qf3 Bc6 (25... Neg6 $142 {Strongly threatening ...Nh4.} 26. Rae1 Nh4) 26. Nf5 Nxg2 ({Don't take} 26... Nxf5 27. gxf5 Rxf5 28. Bxf4 $17) 27. Kxg2 $2 (27. Qxg2 Nxf5 28. Rae1) 27... Nxf5 28. gxf5 {Precision: White = 12%, Black = 82%.} 0-1

[Event "2nd IMSA Basque 2017-Women"]
[Site "Huaian"]
[Date "2017.12.13"]
[Round "1"]
[White "Lagno, Kateryna"]
[Black "Zhao, Xue"]
[Result "*"]
[WhiteElo "2547"]
[BlackElo "2477"]
[Annotator "TA"]
[PlyCount "68"]
[EventDate "2017.??.??"]
[EventType "tourn"]
[EventCountry "CHN"]
[SourceTitle "playchess.com"]
[Source "ChessBase"]
[SourceQuality "1"]

{[%evp 16,68,20,12,9,6,9,9,16,6,19,16,17,-5,57,28,71,63,59,53,130,35,42,31,41,20,20,20,20,18,30,-178,-193,-504,-500,-505,-496,-644,-650,-646,-604,-628,-278,-280,-283,-275,-281,-280,-270,-316,-283,-287,-285,-280,-274]} 1. e4 c6 2. Nc3 d5 3. Nf3 Bg4 4. h3 Bxf3 5. Qxf3 e6 6. Be2 Nf6 {B11: Caro-Kann: Two Knights Variation} 7. O-O Bc5 8. Rd1 Bd4 9. exd5 {LiveBook: 3 Games} exd5 10. Bf1 O-O 11. Ne2 {[%cal Bc3e2,Be2g3,Bg3f5,Bf5h6][%mdl 32]} Bb6 12. d4 Nbd7 13. Ng3 Re8 14. c3 {[#]} Nf8 $146 (14... Ne4 $11) 15. Bd3 N6d7 16. Nf5 Bc7 17. h4 Kh8 {[#]} ({Black should play} 17... Ne6 $14) 18. Qg4 (18. Bg5 $1 $16 {[%cal Rg5d8]} f6 19. Bd2) 18... g6 $14 19. Nh6 Qe7 20. Bd2 f5 21. Qh3 $1 {h5 is the strong threat.} (21. Bxf5 $2 Nf6 $17) 21... Nf6 $1 {[%cal Bd7f6,Bf6h5,Bh5f4,Bf4e2][%mdl 32]} 22. Re1 Qg7 23. f3 $2 {[#]} (23. h5 $11 {and White stays safe.}) 23... Nh5 $1 $19 {White must now prevent ...Rxe1+.} 24. Bxf5 $2 (24. Nxf5 gxf5 25. Qxf5) 24... Bf4 (24... gxf5 $2 25. Nxf5 Qf7 26. Qg4 $19) 25. Bxf4 Nxf4 26. Qg4 Qxh6 27. Bc2 Ne2+ 28. Kh1 Qf4 (28... Qd2 $142 29. Bb3 Qxb2) 29. Qxf4 {Black has a decisive advantage.} Nxf4 30. g3 Nh5 31. Kg2 Nf6 32. f4 Rxe1 33. Rxe1 Re8 34. Re5 N8d7 {Precision: White = 41%, Black = 60%.} *

[Event "2nd IMSA Basque 2017-Women"]
[Site "Huaian"]
[Date "2017.12.13"]
[Round "1"]
[White "Muzychuk, Mariya"]
[Black "Stefanova, Antoaneta"]
[Result "*"]
[WhiteElo "2544"]
[BlackElo "2500"]
[Annotator "TA"]
[PlyCount "60"]
[EventDate "2017.??.??"]
[EventType "tourn"]
[EventCountry "CHN"]
[SourceTitle "playchess.com"]
[Source "ChessBase"]
[SourceQuality "1"]

{[%evp 13,60,22,22,22,27,25,32,32,32,25,32,22,31,20,51,62,78,69,47,58,222,227,228,227,232,230,219,225,231,216,222,201,208,216,226,222,243,256,303,300,302,283,320,321,343,337,334,217,264]} 1. d4 d5 2. c4 c6 3. Nc3 Nf6 4. Nf3 a6 5. e3 e6 6. c5 Nbd7 7. Qc2 {D45: Semi-Slav: 5 e3} Qc7 {LiveBook: 3 Games} 8. Bd3 $146 ({Predecessor:} 8. b4 e5 9. dxe5 Nxe5 10. Nxe5 Qxe5 11. Bb2 Bf5 12. Bd3 Bxd3 13. Qxd3 Be7 14. Qc2 O-O {0-1 (36) Kanmazalp,O (2442)-Svetushkin,D (2575) Gjakova 2016}) 8... e5 9. dxe5 {White has an edge.} Nxe5 10. Nxe5 Qxe5 11. Na4 Be7 12. O-O O-O 13. Bd2 Ne4 14. f4 Qh5 15. Bxe4 dxe4 16. Qxe4 Bxc5 $2 {[#]} (16... Bd8 $1 $14) 17. Nxc5 $18 Qxc5 18. Bb4 Bf5 19. Bxc5 Bxe4 20. Bxf8 Kxf8 {[%mdl 4096] Endgame KRR-KRB} 21. Rfd1 Bd5 22. Rd4 f5 23. a4 Ke7 24. g4 fxg4 25. e4 Bf7 26. Rad1 Be8 27. Kf2 a5 28. Kg3 h5 29. f5 c5 30. Rd5 Rc8 {Precision: White = 98%, Black = 40%.} *

[Event "2nd IMSA Basque 2017-Women"]
[Site "Huaian"]
[Date "2017.12.13"]
[Round "1"]
[White "Dzagnidze, Nana"]
[Black "Ushenina, Anna"]
[Result "*"]
[WhiteElo "2522"]
[BlackElo "2416"]
[Annotator "TA"]
[PlyCount "49"]
[EventDate "2017.??.??"]
[EventType "tourn"]
[EventCountry "CHN"]
[SourceTitle "playchess.com"]
[Source "ChessBase"]
[SourceQuality "1"]

{[%evp 12,49,-64,-70,-16,-29,11,-3,0,0,0,-22,-6,-46,-3,-166,0,-22,-11,-107,-129,-102,-78,-91,-111,-94,-113,-98,-105,-100,-97,-118,-109,-216,-227,-191,-211,-228,-234,-250]} 1. Nf3 d5 2. c4 dxc4 3. Na3 {[%cal Bb1a3,Ba3c4,Bc4e5][%mdl 32]} a6 4. Nxc4 b5 5. Nce5 (5. Ne3 Bb7 6. g3 e6 7. Bg2 Nf6 8. O-O Nbd7 9. b3 Be7 10. Bb2 O-O 11. Qc2 c5 12. Rac1 h6 13. Rfd1 Rc8 {1-0 (53) Wojtaszek,R (2726)-Rublevsky,S (2678) Warsaw 2010}) 5... f6 6. Nd3 {A09: Réti Opening: 1 Nf3 d5 2 c4} e5 7. e4 {LiveBook: 4 Games} Be6 (7... Bb7 $15 8. Nfxe5 Nh6) 8. a4 {The position is equal.} Nd7 9. Be2 c5 {[#] White must now prevent ...c4.} 10. O-O $1 Bd6 11. Nh4 $146 (11. b4 $5 c4 12. Nde1 $15) ({Predecessor:} 11. Nde1 Rb8 12. axb5 axb5 {½-½ (25) Gabrielsen,T (2217)-Karlsen,T (2068) Bergen 2001}) 11... Nh6 12. f4 exf4 13. Bh5+ $2 (13. Nxf4 $11 {and White stays safe.} Bxf4 14. Rxf4) 13... Nf7 ({Better is} 13... g6 $19 14. Be2 g5) 14. Nf5 $11 Bxf5 15. Bxf7+ (15. exf5 $11 {was the only way to keep the balance.} O-O 16. Nxf4) 15... Kxf7 $17 16. exf5 Qc7 17. axb5 axb5 ({Much weaker is} 17... c4 $6 18. Nf2 $11) 18. Qh5+ {[#]} g6 $1 {[%cal Rg6h5]} 19. fxg6+ hxg6 {[%cal Bh7g6,Bg6g5][%mdl 32]} 20. Qd5+ Kg7 21. Rxa8 Nb6 $1 $36 {[%csl LRa8,LRd5][%mdl 2048] Black is in control.} 22. Ra7 (22. Qe6 $17 Rxa8 23. b3) 22... Nxd5 $19 {Black is clearly better.} 23. Rxc7+ Nxc7 24. Nxf4 g5 25. Ne2 {Precision: White = 45%, Black = 51%.} *

[Event "2nd IMSA Basque 2017-Women"]
[Site "Huaian"]
[Date "2017.12.13"]
[Round "1"]
[White "Tan, Zhongyi"]
[Black "Ju, Wenjun"]
[Result "*"]
[WhiteElo "2517"]
[BlackElo "2567"]
[Annotator "TA"]
[PlyCount "64"]
[EventDate "2017.??.??"]
[EventType "tourn"]
[EventCountry "CHN"]
[SourceTitle "playchess.com"]
[Source "ChessBase"]
[SourceQuality "1"]

{[%evp 27,64,8,18,0,0,0,49,37,51,27,61,50,45,34,42,29,31,39,44,22,47,0,8,0,0,-19,-14,-29,-16,-28,39,25,20,23,36,36,82,81,79]} 1. d4 Nf6 2. c4 e6 3. Nf3 d5 4. Nc3 Bb4 5. Bg5 h6 6. Bxf6 Qxf6 7. e3 O-O 8. Rc1 dxc4 9. Bxc4 c5 10. O-O cxd4 {D38: Queen's Gambit Declined: Ragozin Defence (4 Nf3 Bb4)} 11. Ne4 Qe7 12. exd4 (12. a3 Ba5 13. Qxd4 Rd8 14. Qc5 Qxc5 15. Nxc5 Nd7 16. Nb3 Bb6 17. Be2 Nf6 18. Ne5 {½-½ (52) Bu,X (2710)-Yu,Y (2744) Huocheng County 2017}) 12... Nc6 13. a3 Ba5 14. b4 Bb6 {LiveBook: 3 Games} 15. Rc3 Rd8 {[%cal Rc6d4]} 16. Rd3 $1 Bd7 17. Re1 Qf8 $146 ({Predecessor:} 17... Rac8 18. Ba2 {1-0 (30) Vidit,S (2625)-Das,S (2444) Al Ain 2014}) 18. h3 a6 19. Nc5 Bxc5 20. dxc5 Be8 21. Qe2 Rxd3 22. Bxd3 Rd8 23. Qe4 {[%csl Gd3][%cal Re4h7] [#]} g6 24. h4 Qg7 25. Bb1 Qf6 26. h5 gxh5 27. Qe3 Ne7 28. Ne5 {[%cal Bf3e5,Be5c4,Bc4d6][%mdl 32]} Nc6 (28... Nd5 $11 29. Qb3 Kf8) 29. Nc4 $36 {[%mdl 2048] White has the initiative.} Nd4 30. Nd6 Bc6 31. Be4 $1 Nf5 32. Bxf5 exf5 {Precision: White = 51%, Black = 51%.} *

[Event "2nd IMSA Basque 2017-Women"]
[Site "Huaian"]
[Date "2017.12.13"]
[Round "1"]
[White "Harika, Dronavalli"]
[Black "Kosteniuk, Alexandra"]
[Result "*"]
[WhiteElo "2504"]
[BlackElo "2557"]
[Annotator "TA"]
[PlyCount "51"]
[EventDate "2017.??.??"]
[EventType "tourn"]
[EventCountry "CHN"]
[SourceTitle "playchess.com"]
[Source "ChessBase"]
[SourceQuality "1"]

{[%evp 16,51,18,22,12,10,35,25,35,42,107,11,29,17,51,61,64,0,11,9,13,0,29,0,22,24,66,56,46,18,25,22,29,33,33,29,47,51]} 1. c4 e5 2. Nc3 Nf6 3. Nf3 Nc6 4. e3 Bb4 5. Qc2 Bxc3 6. bxc3 e4 {A28: English Opening: Four Knights Variation} (6... O-O 7. Be2 d6 8. d3 Qe7 9. e4 Ne8 10. Ba3 b6 11. O-O f5 12. d4 exd4 13. e5 d3 14. Qxd3 Bb7 15. exd6 Nxd6 {½-½ (27) Harikrishna,P (2738)-Svidler,P (2763) Palma de Mallorca 2017}) 7. Ng5 d5 8. f3 exf3 9. Nxf3 {LiveBook: 3 Games} O-O 10. Be2 $146 ({Predecessor:} 10. d4 Re8 11. Bd3 dxc4 12. Bxc4 Be6 13. Bd3 Bd5 14. O-O Qe7 15. a3 Be4 16. c4 Bxd3 17. Qxd3 Rad8 18. Ra2 b6 19. Re1 Qe4 {½-½ (19) Kobo,O (2497)-Huzman,A (2572) Jerusalem 2016}) 10... Bg4 11. O-O Bh5 12. cxd5 Nxd5 (12... Qxd5 $14 13. c4 Qd6) 13. d3 (13. d4 $16) 13... Qe7 $1 $11 14. Qd2 $1 Rad8 15. e4 Nb6 16. Qg5 ({Better is} 16. a4 $14) 16... Qxg5 17. Bxg5 f6 18. Bf4 Rd7 19. a4 Na5 (19... f5 $5 {[%cal Rf5e4]} 20. Bg3 a5 $14) 20. Rfb1 {[#] aiming for Rb5.} c6 21. Be3 {And now Bc5 would win.} Nc8 22. Bc5 Re8 23. Bb4 b6 24. Bxa5 bxa5 25. Rb8 Kf8 26. Kf2 {Precision: White = 55%, Black = 37%.} *

[Event "2nd IMSA Basque 2017-Women"]
[Site "Huaian"]
[Date "2017.12.13"]
[Round "1"]
[White "Stefanova, Antoaneta"]
[Black "Muzychuk, Mariya"]
[Result "*"]
[WhiteElo "2500"]
[BlackElo "2544"]
[Annotator "TA"]
[PlyCount "59"]
[EventDate "2017.??.??"]
[EventType "tourn"]
[EventCountry "CHN"]
[SourceTitle "playchess.com"]
[Source "ChessBase"]
[SourceQuality "1"]

{[%evp 17,59,15,36,33,37,37,54,51,63,65,57,35,56,32,24,38,46,42,37,45,46,41,50,52,57,47,62,56,62,61,57,51,77,47,61,0,0,0,0,0,0,0,0,0]} 1. d4 d5 2. c4 e6 3. Nf3 Nf6 4. e3 c5 5. cxd5 exd5 6. Bb5+ Nc6 7. O-O Bd7 {D30: Queen's Gambit Declined: Systems without Nc3} (7... cxd4 8. exd4 Be7 9. Ne5 Bd7 10. Nc3 O-O 11. Re1 Rc8 12. Bg5 a6 13. Ba4 Be6 14. Bxc6 bxc6 15. Na4 h6 16. Bxf6 Bxf6 17. Rc1 Re8 18. Nc5 Bf5 {½-½ (32) Vidit,S (2693)-Delgado Ramirez,N (2614) Tbilisi 2017}) 8. Nc3 a6 9. Be2 Bg4 {LiveBook: 3 Games} 10. h3 Bh5 $146 ({Predecessor:} 10... Bf5 11. b3 Rc8 12. Bb2 Be7 {1-0 (91) Gruber,T (2277)-Langer,W (2081) Schwarzburg 2004}) 11. Ne5 Bxe2 12. Qxe2 Bd6 13. Nxc6 bxc6 14. dxc5 Bxc5 15. Na4 Bd6 16. Qc2 Qc7 17. b3 O-O 18. Bb2 Ne4 19. Rac1 Rfc8 20. Nc3 Nxc3 21. Qxc3 {[%csl Gb2][%cal Rc3g7] [#]} f6 22. Rfd1 Qb7 23. Qd3 Re8 24. Rc2 Rac8 25. Rdc1 Rc7 26. Rxc6 (26. h4 $14) 26... Bh2+ $1 $11 {The position is equal.} 27. Kxh2 Rxc6 28. Qxd5+ Ree6 29. f4 {[%cal Bf2f4,Bf4f5][%mdl 32] [#] Black must now prevent Ba3.} Qc8 30. f5 {Precision: White = 81%, Black = 41%.} *

[Event "2nd IMSA Basque 2017-Women"]
[Site "Huaian"]
[Date "2017.12.13"]
[Round "1"]
[White "Zhao, Xue"]
[Black "Lagno, Kateryna"]
[Result "*"]
[WhiteElo "2477"]
[BlackElo "2547"]
[Annotator "TA"]
[PlyCount "58"]
[EventDate "2017.??.??"]
[EventType "tourn"]
[EventCountry "CHN"]
[SourceTitle "playchess.com"]
[Source "ChessBase"]
[SourceQuality "1"]

{[%evp 24,58,35,37,64,66,100,85,135,129,137,151,144,133,193,177,231,244,221,233,219,228,222,110,203,203,405,401,391,363,527,492,786,791,908,314,306]} 1. Nf3 g6 2. c4 c5 3. d4 cxd4 4. Nxd4 Nc6 5. e4 d6 6. Nc2 Bg7 7. Be2 Nf6 8. Nc3 O-O 9. O-O Be6 10. Be3 Rc8 11. f3 Nd7 12. Qd2 a6 13. Rac1 {LiveBook: 4 Games. B37: Sicilian: Maroczy Bind with 5...Bg7, sidelines} Na5 (13... Qa5 14. b4 Qd8 15. Nd5 f5 16. b5 Nce5 17. Nd4 Nc5 18. Nxe6 Nxe6 {1-0 (56) Khotenashvili,B (2454)-Muzychuk,M (2545) Chengdu 2016}) 14. b3 {[%cal Bb2b3,Bb3b4][%mdl 32]} b5 {[%cal Rb5c4]} 15. Nd4 $1 {White is better.} bxc4 16. Nxe6 fxe6 {[#]} 17. b4 $1 Nb7 {[#]} 18. Na4 $146 Ne5 (18... d5 $16) 19. f4 $18 c3 (19... Nd3 {keeps fighting.}) 20. Rxc3 Rxc3 21. Nxc3 Nc6 22. Na4 d5 23. e5 (23. Bxa6 $18 {is more deadly.} d4 24. Bf2 (24. Bxb7 dxe3 25. Qxd8 Rxd8 $11)) 23... d4 (23... g5 $16) 24. Bf2 a5 $2 (24... Bh6) 25. b5 Nb4 26. Qxd4 Qe8 (26... Qxd4 {might work better.} 27. Bxd4 Nd5) 27. Bc4 Nd6 (27... Kh8 $142 28. Qe4 Nd5) 28. Bxe6+ Kh8 29. Qd2 $2 (29. exd6 Nc2 30. Qe4 exd6 31. Rc1) 29... Ne4 {Precision: White = 68%, Black = 34%.} *

[Event "2nd IMSA Basque 2017-Women"]
[Site "Huaian"]
[Date "2017.12.13"]
[Round "1"]
[White "Paehtz, Elisabeth"]
[Black "Muzychuk, Anna"]
[Result "0-1"]
[WhiteElo "2464"]
[BlackElo "2582"]
[Annotator "TA"]
[PlyCount "76"]
[EventDate "2017.??.??"]
[EventType "tourn"]
[EventCountry "CHN"]
[SourceTitle "playchess.com"]
[Source "ChessBase"]
[SourceQuality "1"]

{[%evp 25,76,31,31,16,18,16,24,12,14,9,58,32,63,56,66,63,66,50,52,22,57,47,46,14,35,-13,0,-30,-28,-32,-22,-62,-38,-353,-331,-346,-329,-339,-355,-5177,-5161,-29991,-29992,-29992,-29993,-29993,-29993,-29993,-29994,-29994,-29995,-29995,-29996]} 1. e4 e5 2. Nf3 Nc6 3. Bb5 a6 4. Ba4 Nf6 5. O-O Nxe4 6. d4 b5 7. Bb3 d5 8. dxe5 Be6 9. Be3 Be7 10. c3 O-O 11. Nbd2 Qd7 12. Bc2 Nxd2 {C83: Spanische Partie (Offene Verteidigung/Hauptvariante)} 13. Qxd2 Bg4 {LiveBook: 6 Partien} 14. Bf4 (14. Qd3 {feels hotter.} g6 15. Bh6 Rfe8 16. Rae1 Bf5 17. Qd2) 14... Bxf3 {Die Stellung ist ausgeglichen.} 15. gxf3 Rad8 {[#]} 16. Rad1 $146 ({Vorgänger:} 16. Rfd1 Qe6 17. Qe3 Rd7 18. Bg3 g6 19. a4 Nd8 20. axb5 axb5 {1-0 (32) Hou,Y (2673)-Muzychuk,M (2554) Lvov 2016}) 16... Rfe8 17. Rfe1 g6 18. Bg3 (18. Be4 $5) 18... Qh3 19. f4 Bh4 20. a4 Ne7 21. Qe2 c6 22. Qe3 Nf5 23. Bxf5 $1 gxf5 24. Qb6 {[#] zielt auf axb5 ab.} Re6 25. Re3 Qg4 26. Rd2 Be7 27. Qxa6 bxa4 28. Qxa4 h5 {[%cal Bh7h5,Bh5h4][%mdl 32]} 29. f3 $2 {[%mdl 8192] [#]} (29. h4 $1 $15) 29... Qh3 $1 $19 {Droht stark ...Lc5.} 30. Rg2 {Schwarz muss nun Lh4+ beachten.} Rg6 {Und weiter mit ...Lc5 wäre nett.} 31. Ree2 h4 32. Be1 $2 (32. Bxh4 Qxh4 33. Qxc6) 32... Bc5+ 33. Kf1 Qxf3+ {Schwarz setzt Matt.} 34. Ref2 Qd3+ 35. Kg1 Bxf2+ 36. Kxf2 Rxg2+ 37. Kxg2 Qe2+ 38. Bf2 Kh7 {Precision: Weiß = 35%, Schwarz = 79%.} 0-1

[Event "2nd IMSA Basque 2017-Women"]
[Site "Huaian"]
[Date "2017.12.13"]
[Round "1"]
[White "Ushenina, Anna"]
[Black "Dzagnidze, Nana"]
[Result "*"]
[WhiteElo "2416"]
[BlackElo "2522"]
[Annotator "TA"]
[PlyCount "52"]
[EventDate "2017.??.??"]
[EventType "tourn"]
[EventCountry "CHN"]
[SourceTitle "playchess.com"]
[Source "ChessBase"]
[SourceQuality "1"]

{[%evp 32,52,0,-8,-12,0,-22,-17,0,-2,0,0,0,0,0,0,0,0,0,0,29,97,147]} 1. d4 Nf6 2. Nf3 e6 3. c4 d5 4. Nc3 Bb4 5. Bg5 dxc4 6. e4 c5 7. Bxc4 cxd4 8. Nxd4 Bxc3+ 9. bxc3 Qa5 10. Bxf6 Qxc3+ 11. Kf1 gxf6 12. Rc1 Qa5 13. h4 Ke7 {D39: Queen's Gambit Declined: Ragozin Defence with 5 Bg5 dxc4} 14. Rh3 {[%cal Bh1h3,Bh3c3,Bc3c5,Bc5e5][%mdl 32]} Nc6 15. Nxc6+ bxc6 16. Rhc3 Rd8 17. Qf3 {LiveBook: 3 Games} Rd4 (17... Ba6 18. Bxa6 Qxa6+ 19. Kg1 Rd6 20. Qe3 Qb6 21. e5 fxe5 {½-½ (60) Salem,A (2617)-Amin,B (2654) Abu Dhabi 2016}) 18. Be2 $146 ({Predecessor:} 18. Kg1 Bd7 19. Qe3 Qe5 20. Bd3 Qd6 21. Be2 {0-1 (58) Papin,V (2500)-Oganian,M (2370) Samara 2015}) 18... Bd7 19. Qe3 Qe5 20. Bf3 Rb8 21. Rc5 Qd6 22. e5 $36 {[%mdl 2048] White fights for an advantage.} fxe5 23. Rxe5 Rb2 24. Qg5+ Kf8 25. Rce1 Rdd2 26. Kg1 Qd4 *